| 000 | 005660000a22001690004500 | ||
|---|---|---|---|
| 090 |
_aAR _b00302 |
||
| 245 | 1 | 0 | _aEcological monitoring: a vital need for integrated conservation and development programs in the tropics |
| 650 | 1 | 4 |
_aDesarrollo sostenible _9278 |
| 650 | 1 | 4 |
_aAreas protegidas _978 |
| 650 | 1 | 4 |
_aConservación de biodiversidad _9345 |
| 041 | 0 | _aInglés | |
| 700 | 1 |
_aMerenlender, Adina M. _993164 |
|
| 700 | 1 |
_aMurphy, Dennis D. _993165 |
|
| 100 | 1 |
_aKremen, Claire _993166 |
|
| 942 | _cARTICULO | ||
| 773 | 1 |
_tConservation Biology _324 _h2 _q388-397 _d1994 _g8 |
|
| 999 |
_c9400 _d9400 |
||